header

Emotions, ethics, and authenticity (Record no. 107280)

MARC details
000 -LEADER
fixed length control field 01365nam a2200337Ia 4500
245 00 - TITLE STATEMENT
Title Emotions, ethics, and authenticity
260 ## - PUBLICATION, DISTRIBUTION, ETC. (IMPRINT)
Place of publication Amsterdam ;
-- Philadelphia, PA :
Name of publisher John Benjamins Pub. Co.,
Year of publication 2009.
300 ## - PHYSICAL DESCRIPTION
Number of Pages vi, 237 p.
490 1# - SERIES STATEMENT
Series statement Consciousness & emotion book series,
650 #0 - SUBJECT ADDED ENTRY--TOPICAL TERM
Topical Term Emotions
Topical Term Ethics.
700 1# - ADDED ENTRY--PERSONAL NAME
Personal name Salmela, Mikko,
Personal name Mayer, Verena E.,
856 40 - ELECTRONIC LOCATION AND ACCESS
Uniform Resource Identifier http://site.ebrary.com/lib/rucke/Doc?id=10355450

No items available.

© 2026 Rongo University
Contact us: librarian | system librarian | Rongo university